Giáo trình tổ hợp

Đã lưu trong:
书目详细资料
主要作者: Hoàng Chí Thành
格式: 图书
语言:Undetermined
出版: Hà Nội Đại Học Quốc Gia Hà Nội 1999
主题:
标签: 添加标签
没有标签, 成为第一个标记此记录!
Thư viện lưu trữ: Trung tâm Học liệu Trường Đại học Cần Thơ
LEADER 00558nam a2200205Ia 4500
001 CTU_36992
008 210402s9999 xx 000 0 und d
020 |b 10.800đ 
020 |c 11700 
082 |a 511.6 
082 |b Th107 
100 |a Hoàng Chí Thành 
245 0 |a Giáo trình tổ hợp 
245 0 |c Hoàng Chí Thành 
260 |a Hà Nội 
260 |b Đại Học Quốc Gia Hà Nội 
260 |c 1999 
650 |a set theory 
904 |i Minh, 000615 
980 |a Trung tâm Học liệu Trường Đại học Cần Thơ